Регионална библиотека "Любен Каравелов" - Русе

Щрихи и размисли (Запис номер 115970)

MARC детайли
000 -Лидер
Контролно поле с фиксирана дължина 00953nam a2200265 c 4500
003 - Код на организацията, давaща контролен номер
Контролно поле BLK
005 - Дата и час на последна редакция
Контролно поле 20220704163020.0
008 - Елементи от данни с фиксирана дължина
fixed length control field 180409b bul|||||r ||||||| ||bul||
010 ## - Наследен системен номер
LC control number KNG00121496000
040 ## - Източник на каталожния запис
Идентификатор на билиотеката - собственик на записа BLK
041 ## - Код за език
Код за езика на текст/звукозапис или на отделно заглавие Български
Код за езика КДБФ Български
080 ## - УДК
Текстов определител УДК Българска литература
УДК код - определител по УДК 821.163.2
УДК определител -92
УДК - код + определител 821.163.2-92
100 1# - Редна дума - Автор
Автор Абазов, Тодор Георгиев
Авторска отговорност първи автор
R(LIN) 369010
139 ## - Редно поле
Редна дума Абазов, Тодор Георгиев
Авторски знак Аб - А 12
245 10 - Сведения за заглавието
Заглавие Щрихи и размисли
Подзаглавни данни Публицистика
Редно поле (дума) Тодор Георгиев Абазов.
257 ## - Страна на издаване
Страна на създаване/издаване България
260 ## - Област на издателските данни
Място на издаване, разпространение и проч. София
Име на издателя, разпространителя и проч. Нар. младеж
Година на издаване 1970
300 ## - Физическа характеристика
Страници 191 с.
Размери/Мащаб 25 см
380 ## - Жанр
Жанр Худож. лит.
852 ## - Местоположение
Форматна сигнатура Цб 56673
Фондова буква Хранилище
856 4# - Електронен адрес и достъп
Електронен формат pdf - файл
856 4# - Електронен адрес и достъп
Електронен формат pdf - файл
999 ## - СИСТЕМНИ КОНТРОЛНИ НОМЕРА
Koha biblionumber 115970
Koha biblioitemnumber 115970
942 ## - АРТИКУЛИ
Вид на библиотечния материал Книги
Скрит в OPAC Не
Периодичен библиозапис Да
944 ## - СЪЗДАВАНЕ И РЕДАКЦИЯ на ЗАПИСА
Създаване/Редакция Създаване
Дата на регистрацията/редакция 25.02.2011
Статус, дата на статуса добави в АБ / 24.02.2011
Служител, извършил регистрацията/редакцията Кети_Илиева
944 ## - СЪЗДАВАНЕ И РЕДАКЦИЯ на ЗАПИСА
Създаване/Редакция Редакция
Дата на регистрацията/редакция 29.03.2018
Статус, дата на статуса добави в АБ / 24.02.2011
Служител, извършил регистрацията/редакцията Кети_Илиева
944 ## - СЪЗДАВАНЕ И РЕДАКЦИЯ на ЗАПИСА
Създаване/Редакция Редакция
Дата на регистрацията/редакция 2022-07-04
Служител, извършил регистрацията/редакцията Христина Везирева
999 ## - СИСТЕМНИ КОНТРОЛНИ НОМЕРА
Koha biblioitemnumber 115970
Наличности
Код за отписване Код за изгубен артикул Източник на класификационната схема Код за повреда Коз за рестрикции Код за отдаване Артикулен № Име на библиотеката - собственик Име на библиотеката, в която се намира в момента Статус (Текущо местоположение) Дата на вписване в системата Местоположение - отдел Цена в лева Инвентарен номер Систематично азбучна сигнатура Баркод Номер на екземпляра Цена в евро Служебна бележка Служебен тип на артикула
  Не е изгубен Universal Decimal Classification Не е повреден без рестрикции ползва се в читалня 186595 Регионална библиотека "Любен Каравелов" Русе Регионална библиотека "Любен Каравелов" Русе Хранилище 1970-01-01 Хранилище 0.92 87673 Цб 56673 120000087673 1 0.47 Дост: Dp Вид: Д N: стар фонд Дата: 01.01.1970 Книги
Изтеглен Не е изгубен   Не е повреден само за читалня Специални фондове ( старопечатни, редки и ценни, фонд М. Арнаудов) 186596 Регионална библиотека "Любен Каравелов" Русе Регионална библиотека "Любен Каравелов" Русе Отчислена 1970-01-01 Отчислена 0.00 87817 П 886.7-92/А 12 87817 2 0.00 Дост: Pk Вид: Ф N: стар фонд Дата: 01.01.1970 Книги
Vip Innovations Ltd, Rousse, Bulgaria 2025